<?xml version="1.0" encoding="UTF-8"?>
<marc:record xmlns:marc="http://www.loc.gov/MARC21/slim">
   <marc:leader>00000nam a2200000 a 4500</marc:leader>
   <marc:datafield ind1="1" ind2=" " tag="100">
      <marc:subfield code="a">Bay, Rolf H.</marc:subfield>
      <marc:subfield code="4">aut</marc:subfield>
      <marc:subfield code="e">Verfasser/-in</marc:subfield>
   </marc:datafield>
   <marc:datafield ind1=" " ind2=" " tag="653">
      <marc:subfield code="a">Aktives Zuhören</marc:subfield>
   </marc:datafield>
   <marc:datafield ind1=" " ind2=" " tag="653">
      <marc:subfield code="a">Zuhören</marc:subfield>
   </marc:datafield>
   <marc:datafield ind1=" " ind2=" " tag="653">
      <marc:subfield code="a">Gespräch</marc:subfield>
   </marc:datafield>
   <marc:datafield ind1=" " ind2=" " tag="653">
      <marc:subfield code="a">4-Ohren</marc:subfield>
   </marc:datafield>
   <marc:datafield ind1=" " ind2=" " tag="653">
      <marc:subfield code="a">Schulz-von-Thun-Modell</marc:subfield>
   </marc:datafield>
   <marc:datafield ind1=" " ind2=" " tag="653">
      <marc:subfield code="a">Kommunikation</marc:subfield>
   </marc:datafield>
   <marc:datafield ind1=" " ind2=" " tag="653">
      <marc:subfield code="a">ICH-Botschaften</marc:subfield>
   </marc:datafield>
   <marc:datafield ind1=" " ind2=" " tag="653">
      <marc:subfield code="a">Ratgeber</marc:subfield>
   </marc:datafield>
   <marc:datafield ind1="0" ind2="0" tag="245">
      <marc:subfield code="a">Erfolgreiche Gespräche durch aktives Zuhören</marc:subfield>
   </marc:datafield>
   <marc:datafield ind1="0" ind2="0" tag="245">
      <marc:subfield code="c">Dr. Rolf H. Bay</marc:subfield>
   </marc:datafield>
   <marc:datafield ind1=" " ind2="1" tag="264">
      <marc:subfield code="a">Renningen</marc:subfield>
      <marc:subfield code="b">expert</marc:subfield>
      <marc:subfield code="c">2018</marc:subfield>
   </marc:datafield>
   <marc:datafield ind1="1" ind2=" " tag="490">
      <marc:subfield code="a">Expert Taschenbuch</marc:subfield>
      <marc:subfield code="v">28</marc:subfield>
   </marc:datafield>
   <marc:datafield ind1=" " ind2=" " tag="250">
      <marc:subfield code="a">9. Auflage</marc:subfield>
   </marc:datafield>
   <marc:datafield ind1="1" ind2=" " tag="520">
      <marc:subfield code="a">Angaben aus der Verlagsmeldung

Erfolgreiche Gespräche durch aktives Zuhören / von Rolf H. Bay

Wer möchte nicht im Beruf und im Privatleben bessere Gespräche führen können! Über die Vervollkommnung der Redefähigkeit gibt es viele Bücher. Dieses Buch dagegen setzt beim aktiven Zuhören an. Es beruht auf neueren Erkenntnissen der Kommunikationspsychologie und zeigt anhand vieler alltagsnaher Beispiele, dass das gekonnte Zuhören im Gespräch schon der halbe Erfolg ist. Zudem erhält der Leser anhand umfangreicher Übungen immer wieder die Möglichkeit, seine Zuhörfähigkeit zu prüfen und weiterzuentwickeln.

Inhalt:
– Kommunikation aus psychologischer Sicht
– Die vier Ebenen der Kommunikation
– Zuhören: Eine vernachlässigte Dimension in Gesprächen
– Die typischen Gesprächsstörer (Eine Anleitung zum Verhindern effektiver Gespräche)
– Die Gesprächsförderer (Was man tun kann, um aktiv zuzuhören)
– Wo kann aktives Zuhören angewandt werden?
– ICH-Botschaften und DU-Botschaften (Über das Beziehungsgerangel in Gesprächen)
– Aktives Zuhören im Überblick
– Anhang: Übung und Auswertung
</marc:subfield>
   </marc:datafield>
   <marc:datafield ind1=" " ind2=" " tag="020">
      <marc:subfield code="a">9783816934400</marc:subfield>
      <marc:subfield code="9">9783816934400</marc:subfield>
   </marc:datafield>
   <marc:datafield ind1=" " ind2=" " tag="020">
      <marc:subfield code="a">3816934404</marc:subfield>
      <marc:subfield code="9">3816934404</marc:subfield>
   </marc:datafield>
   <marc:datafield ind1=" " ind2=" " tag="041">
      <marc:subfield code="a">ger</marc:subfield>
   </marc:datafield>
   <marc:datafield ind1=" " ind2=" " tag="300">
      <marc:subfield code="a">114 Seiten</marc:subfield>
   </marc:datafield>
</marc:record>
